[Event "9th Open"]
[Site "Liberec CZE"]
[Date "2008.11.22"]
[Round "9"]
[White "Horyna,J"]
[Black "Suchomel,A"]
[Result "1-0"]
[WhiteElo "1943"]
[BlackElo "1816"]

1.d4 Nf6 2.Bg5 e6 3.Nf3 h6 4.Bh4 c5 5.e3 Nc6 6.c3 b6 7.Bd3 Bb7 8.O-O Be7
9.Nbd2 O-O 10.Re1 Rc8 11.dxc5 bxc5 12.Qe2 d5 13.e4 dxe4 14.Nxe4 Nxe4 15.Qxe4 g6
16.Bxe7 Qxe7 17.Qe2 Rfd8 18.Rad1 Rd7 19.Bb5 Rcd8 20.Rxd7 Rxd7 21.Bxc6 Bxc6
22.Ne5 Rc7 23.Nxc6 Rxc6 24.h3 Rd6 25.Qe3 Rd8 26.Qxh6 Qb7 27.Qc1 Qd5 28.c4 Qd2
29.Qb1 Rd4 30.b3 Rf4 31.Rf1 Qe2 32.Qc1 Rd4 33.Qa3 Rd1 34.Rxd1 Qxd1+ 35.Kh2 Qd6+
36.g3 Qd4 37.Kg1 Qd1+ 38.Kg2 Qd4 39.Qxa7 Qe4+ 40.Kh2 Qf5 41.Qb8+ Kg7 42.Qf4 Qc2
43.Qe3 Qxa2 44.Qxc5 Qxb3 45.Qd4+ Kf8 46.c5 Qf3 47.h4 Ke7 48.Kg1 Qc6 49.Qe3 Kd7
50.Qf4 Ke7 51.Qg5+ Ke8 52.Qe5 Ke7 53.Kh2 f6 54.Qe3 e5 55.g4 Ke6 56.h5 gxh5
57.gxh5 Qe8 58.Qb3+ Kf5 59.Qf3+ Kg5 60.h6 Kxh6 61.Qxf6+ Kh7 62.c6 Qh5+ 63.Kg3 Qe2
64.Qf5+ Kh6 65.c7  1-0

[Event "38th Olympiad"]
[Site "Dresden GER"]
[Date "2008.11.23"]
[Round "10"]
[White "Rodriguez,Sa"]
[Black "Haddouche,M"]
[Result "1-0"]
[WhiteElo "2262"]
[BlackElo "2333"]

1.d4 Nf6 2.Bg5 e6 3.e4 h6 4.Bxf6 Qxf6 5.Nc3 Bb4 6.Qd2 O-O 7.f4 c5 8.a3 cxd4
9.axb4 dxc3 10.bxc3 e5 11.fxe5 Qxe5 12.Bd3 d5 13.Nf3 Qe7 14.e5 Nc6 15.O-O Nxe5
16.Nxe5 Qxe5 17.Rae1 Qd6 18.c4 Be6 19.Rf6 Rfd8 20.c5 Qf8 21.Rexe6 gxf6 22.Re3 Re8
23.Rg3+ Kh8 24.Qf4 Re1+ 25.Kf2 Re4 26.Qxf6+ Kh7 27.c4  1-0

[Event "12th It"]
[Site "Zenica BIH"]
[Date "2008.11.29"]
[Round "1"]
[White "Trkulja,G"]
[Black "Martinovic,Sl"]
[Result "1/2-1/2"]
[WhiteElo "2342"]
[BlackElo "2480"]

1.d4 Nf6 2.Bg5 e6 3.e4 h6 4.Bxf6 Qxf6 5.Nf3 d6 6.Nc3 a6 7.Qd2 Qe7 8.O-O-O g6
9.h4 Bg7 10.e5 d5 11.Kb1 b6 12.Ne2 Bb7 13.Nf4 Nd7 14.Bd3 O-O-O 15.Qe2 b5  1/2-1/2

[Event "Open"]
[Site "Figueira da Foz POR"]
[Date "2008.11.30"]
[Round "1"]
[White "Martinho,F"]
[Black "Petkov,V"]
[Result "0-1"]
[WhiteElo "1924"]
[BlackElo "2484"]

1.d4 Nf6 2.Bg5 e6 3.e3 c5 4.c3 Nc6 5.Nf3 d5 6.Nbd2 Bd6 7.Bd3 h6 8.Bh4 Qe7
9.O-O Bd7 10.dxc5 Bxc5 11.e4 g5 12.Bg3 O-O-O 13.b4 Bb6 14.a4 Bc7 15.Bxc7 Kxc7
16.a5 g4 17.Nd4 Nxd4 18.cxd4 dxe4 19.Qc2+ Kb8 20.Nxe4 Nxe4 21.Bxe4 f5 22.Bd3 Bc6
23.b5 Bd5 24.b6 a6 25.Rfc1 Rc8 26.Qe2 Qd6 27.Qb2 Qf4 28.Bf1 h5 29.Rc5 h4
30.Rac1 Rcg8 31.Qe2 Qxd4 32.Rc7 g3 33.Rd1 gxf2+ 34.Kh1 h3  0-1

[Event "VII Pereyra Puebla Mem"]
[Site "Mendoza ARG"]
[Date "2008.12.05"]
[Round "1"]
[White "Real de Azua,E"]
[Black "Zuriel,M"]
[Result "1-0"]
[WhiteElo "2413"]
[BlackElo "2189"]

1.d4 Nf6 2.Bg5 e6 3.e4 h6 4.Bxf6 Qxf6 5.Nc3 d6 6.Qd2 c6 7.f4 e5 8.dxe5 dxe5
9.f5 Nd7 10.Nf3 Bb4 11.a3 Ba5 12.Bc4 Qe7 13.Rd1 Nf6 14.b4 Bc7 15.g4 Bd7 16.g5 Nh5
17.Qxd7+ Qxd7 18.Rxd7 Kxd7 19.Bxf7 Nf4 20.g6 Ke7 21.Ne2 Nxe2 22.Kxe2 a5 23.Rf1 axb4
24.f6+ gxf6 25.axb4 Rhf8 26.Nh4 Rxf7 27.Nf5+ Kf8 28.gxf7 Kxf7 29.Rg1 Ke6
30.Rg7 Bd6 31.Rxb7 Bf8 32.Rc7 Bxb4 33.c3 Bf8 34.Rxc6+ Kf7 35.Kd3 Ra2 36.h4 Ra1
37.Rc7+ Ke6 38.Rc8 Kf7 39.Rb8 Ra5 40.Rb7+ Kg6 41.Rc7 Ra1 42.Kc4 Re1 43.Kd5 Rd1+
44.Ke6 Ra1 45.c4 Ra6+ 46.Kd5 Bb4 47.c5 Kh5 48.c6 Kg4 49.Rg7+ Kf4 50.c7 Ra8
51.Rd7 Ba5 52.Nd6 Bxc7 53.Rxc7  1-0

[Event "Mediterranean Open"]
[Site "Rijeka CRO"]
[Date "2008.12.06"]
[Round "9"]
[White "Cebalo,M"]
[Black "Georgiadis,I"]
[Result "1-0"]
[WhiteElo "2493"]
[BlackElo "2364"]

1.d4 Nf6 2.Bg5 e6 3.e4 h6 4.Bxf6 Qxf6 5.c3 d5 6.e5 Qd8 7.Nd2 c5 8.dxc5 Bxc5
9.Nb3 Bb6 10.Nf3 O-O 11.Bd3 f6 12.exf6 Qxf6 13.Bc2 Nc6 14.Qd3 Bd7 15.O-O-O a5
16.a4 Rad8 17.Rhe1 Qf5 18.Qxf5 exf5 19.Rxd5 Bxf2 20.Re2 Ba7 21.Nxa5 Nxa5
22.Rxa5 Bb6 23.Rd5 f4 24.Nd4 Bg4 25.Rxd8 Bxd8 26.Re4 g5 27.Ne6 Bxe6 28.Rxe6 Rf6
29.Rxf6 Bxf6 30.a5 Bd8 31.b4 g4 32.Be4 b5 33.Kd2  1-0

[Event "29th Edoardo Crespi Mem"]
[Site "Milan ITA"]
[Date "2008.12.08"]
[Round "4"]
[White "Barlocco,C"]
[Black "Stella,A"]
[Result "0-1"]
[WhiteElo "2144"]
[BlackElo "2233"]

1.d4 Nf6 2.Bg5 e6 3.Nf3 h6 4.Bh4 b6 5.e3 Bb7 6.Be2 d6 7.O-O g5 8.Bg3 Nh5
9.c4 Bg7 10.Nc3 O-O 11.b4 Nxg3 12.hxg3 c5 13.a3 Nc6 14.b5 Na5 15.Rc1 cxd4
16.Nxd4 Rc8 17.Qa4 Rc5 18.Rfd1 Qa8 19.Nb3 Nxb3 20.Qxb3 Bxg2 21.Rxd6 g4 22.Bxg4 h5
23.Be2 Rg5 24.e4 Bxe4 25.Nxe4 Qxe4 26.Bf3 Qf4 27.Qe3 Rxg3+  0-1

[Event "FSGM December"]
[Site "Budapest HUN"]
[Date "2008.12.09"]
[Round "4"]
[White "Nguyen Huynh Minh Huy"]
[Black "Rohit,G"]
[Result "1/2-1/2"]
[WhiteElo "2452"]
[BlackElo "2457"]

1.d4 Nf6 2.Bg5 e6 3.Nd2 h6 4.Bh4 c5 5.dxc5 Bxc5 6.e3 d5 7.Ngf3 Nbd7 8.Be2 O-O
9.O-O b6 10.c4 Be7 11.cxd5 Nxd5 12.Bg3 Bb7 13.Nc4 Nc5 14.Rc1  1/2-1/2

[Event "FSGM December"]
[Site "Budapest HUN"]
[Date "2008.12.11"]
[Round "6"]
[White "Duong The Anh"]
[Black "Rohit,G"]
[Result "1-0"]
[WhiteElo "2420"]
[BlackElo "2457"]

1.d4 Nf6 2.Bg5 e6 3.e4 h6 4.Bxf6 Qxf6 5.Nc3 c5 6.e5 Qd8 7.d5 exd5 8.Qxd5 Be7
9.Nf3 Nc6 10.Bc4 O-O 11.O-O-O Rb8 12.Qe4 Qa5 13.h4 b5 14.Bd3 g6 15.h5 c4
16.hxg6 cxd3 17.Rxh6 Qb4 18.gxf7+ Rxf7 19.Qg6+ Rg7 20.Qe8+ Bf8 21.Nd5  1-0

[Event "FSIM December"]
[Site "Budapest HUN"]
[Date "2008.12.14"]
[Round "9"]
[White "Demir,G"]
[Black "Kislik,E"]
[Result "1/2-1/2"]
[WhiteElo "2239"]
[BlackElo "2278"]

1.d4 Nf6 2.Bg5 e6 3.Nd2 d5 4.e3 Be7 5.Bd3 O-O 6.f4 c5 7.c3 b6 8.Ngf3 Ba6
9.Bxa6 Nxa6 10.Ne5 Nb8 11.O-O Nfd7 12.Bxe7 Qxe7 13.Qg4 f6 14.Nxd7 Nxd7 15.Nf3 Rae8
16.Rae1 Qd6 17.Nh4 b5 18.Rf3 Rf7 19.Rh3 Nf8 20.Rd1 Rfe7 21.f5 e5 22.dxc5 Qxc5
23.Qb4 Qxb4 24.cxb4 Rc8 25.Rxd5 Rc1+ 26.Kf2 Rc2+ 27.Kf3 a6 28.Rd8 Kf7 29.Ra8 Rxb2
30.a3 e4+ 31.Kg4 Nd7 32.Rxa6 Ne5+ 33.Kh5 Rd2 34.Rg3 Rd8 35.Rb6 g5 36.Kh6 Rg8
37.Rxb5 gxh4 38.Rxg8 Kxg8 39.a4 Ng4+ 40.Kh5 Nxe3 41.a5 Nxg2 42.a6 e3 43.Rb7 Re8
44.a7 e2 45.Re7 Nf4+ 46.Kh6 Rxe7 47.a8=Q+ Kf7 48.Kxh7 Re5 49.Qb7+ Ke8 50.Qc8+ Ke7
51.Qc7+ Ke8 52.Qc8+ Kf7 53.Qc7+ Ke8  1/2-1/2

[Event "CCF Christmas Int"]
[Site "Coulsdon ENG"]
[Date "2008.12.15"]
[Round "1"]
[White "Lundin,J"]
[Black "Snape,I"]
[Result "1-0"]
[WhiteElo "2341"]
[BlackElo "2219"]

1.d4 Nf6 2.Bg5 e6 3.Nf3 c5 4.e3 h6 5.Bf4 Nh5 6.d5 Nxf4 7.exf4 Bd6 8.g3 exd5
9.Qxd5 Qe7+ 10.Be2 O-O 11.Nc3 Na6 12.O-O-O Bc7 13.Rhe1 Nb4 14.Qh5 d5 15.Bc4 Qf6
16.Nxd5 Nxd5 17.Bxd5 Bf5 18.Ne5 Rad8 19.Bxf7+ Rxf7 20.Rxd8+ Bxd8 21.Nxf7 Bg6
22.Qd5 Bxf7 23.Re8+ Kh7 24.Qxd8 Bxe8 25.Qxe8 Qa6 26.Qe4+ Kh8 27.Qe8+ Kh7
28.Qe1 Qxa2 29.Qe4+ Kh8 30.Qxb7 Qc4 31.Qf3 Qf1+ 32.Kd2 Qc4 33.Qd3 Qb4+ 34.Qc3 Qb6
35.Qe5 Qb4+ 36.Ke2 Qb5+ 37.Ke3 a5 38.b3 Qb6 39.Qe8+ Kh7 40.Qe4+ Kh8 41.Qc4 Qc6
42.h4 Qe8+ 43.Qe4 Qb5 44.h5 Qb6 45.Qe8+ Kh7 46.Qg6+ Qxg6 47.hxg6+ Kxg6 48.Ke4 c4
49.bxc4 h5 50.c5 Kf6 51.Kd5 a4 52.Kc4 Ke6 53.Kb4 Kd5 54.c4+ Kc6 55.Kxa4 Kxc5
56.Kb3 Kc6 57.Kb4 Kb6 58.c5+ Kc7 59.Kb5 g6 60.c6 Kc8 61.Kc5 Kc7 62.Kd5 Kc8
63.Ke6  1-0

[Event "CCF Christmas Int"]
[Site "Coulsdon ENG"]
[Date "2008.12.19"]
[Round "8"]
[White "Lundin,J"]
[Black "Barrett,S"]
[Result "1-0"]
[WhiteElo "2341"]
[BlackElo "2226"]

1.d4 Nf6 2.Bg5 e6 3.c4 h6 4.Bf4 Bb4+ 5.Nc3 d5 6.e3 Ne4 7.Qc2 c5 8.Bd3 cxd4
9.Bxe4 dxe4 10.exd4 Qa5 11.Ne2 f5 12.O-O Nd7 13.Nb5 O-O 14.a3 Be7 15.b4 Qd8
16.Nc7 e5 17.Ne6 Qe8 18.dxe5 g5 19.Nxf8 Bxf8 20.Bg3 Nxe5 21.Bxe5 Qxe5 22.Qc3 Qe7
23.Rad1 Bg7 24.Nd4 f4 25.Rfe1 Bd7 26.c5 Kh8 27.Qc4 Re8 28.c6 bxc6 29.Nxc6 Bxc6
30.Qxc6 e3 31.fxe3 fxe3 32.Rd7 Qe5 33.Qg6 Rf8 34.Qxg7+ Qxg7 35.Rxg7 Kxg7
36.Rxe3 a5 37.b5 a4 38.Re4 Rb8 39.Rb4 Rb6 40.Kf2 Kf6 41.g4 Ke5 42.Ke3 Kd5
43.Kd3 Kc5 44.Ke4 Rf6 45.Ke5 Rf4 46.Rxf4 gxf4 47.Kxf4 Kxb5 48.h4 Kc4 49.g5 hxg5+
50.hxg5 Kb3 51.g6 Kxa3 52.g7 Kb2 53.g8=Q a3 54.Qb8+ Ka1 55.Qe5+  1-0

[Event "Open A"]
[Site "Groningen NED"]
[Date "2008.12.21"]
[Round "1"]
[White "Schiffer,KU"]
[Black "Sparenberg,E"]
[Result "1-0"]
[WhiteElo "2334"]
[BlackElo "2041"]

1.d4 Nf6 2.Bg5 e6 3.e4 h6 4.Bxf6 Qxf6 5.c3 g6 6.Bd3 Bg7 7.e5 Qe7 8.Ne2 d6
9.f4 Bd7 10.O-O Bc6 11.Nd2 Nd7 12.Ng3 h5 13.Qe2 h4 14.Nge4 Bxe4 15.Nxe4 d5
16.Ng5 O-O-O 17.Qg4 Kb8 18.b4 Nf8 19.Rae1 Rh5 20.Re3 Bh6 21.Rh3 Bxg5 22.fxg5 Nd7
23.Qf4 Rf8 24.Rxh4 Rxh4 25.Qxh4 a5 26.a3 Nb6 27.Qf4 Nd7 28.h4 c6 29.g4 b5
30.Kg2 a4 31.Rf3 Kc7 32.h5 Rh8 33.Qxf7 Qxg5 34.Qf4 Qxf4 35.Rxf4 gxh5 36.g5 Rg8
37.g6 Rg7 38.Kh3 Kd8 39.Kh4 Ke7 40.Kxh5 Rg8 41.Rf7+ Ke8 42.Kh6 Nf8 43.Rh7 Nxg6
44.Bxg6+ Kd8  1-0

[Event "Open"]
[Site "Pamplona ESP"]
[Date "2008.12.27"]
[Round "7"]
[White "Garjon Modrego,M"]
[Black "Ros Octavio de Toledo,E"]
[Result "1/2-1/2"]
[WhiteElo "1947"]
[BlackElo "2198"]

1.d4 Nf6 2.Bg5 e6 3.Nf3 h6 4.Bh4 b6 5.e3 Bb7 6.Bd3 Be7 7.Nbd2 c5 8.c3 Nc6
9.Bxf6 Bxf6 10.dxc5 bxc5 11.O-O O-O 12.Ne4 Be7 13.Be2 d5 14.Ng3 f5 15.Qc2 Qb6
16.Rfd1 Rad8 17.a4 a5 18.Bb5 Qc7 19.b4 axb4 20.Bxc6 Qxc6 21.cxb4 cxb4 22.Qa2 Bf6
23.Rac1 Qd6 24.Nd4 Bxd4 25.Rxd4 Rc8 26.Rb1 Ba6 27.h3 Rc4 28.Qd2 Rb8 29.f4 Qc5
30.Kh2 b3 31.Qd1 Rc2 32.Rd2 Qc3 33.Rxc2 Qxc2 34.Qxc2 bxc2 35.Rxb8+ Kh7 36.Rc8 Bxc8
37.Ne2 Ba6 38.Nc1 g5 39.g3 Kg6 40.Kg2 Kf6 41.Kf2 e5 42.Ke1 gxf4 43.gxf4 d4
44.fxe5+ Kxe5 45.exd4+ Kxd4 46.Kd2 f4 47.Nb3+ Kc4 48.Kxc2 h5 49.h4 Kd5 50.Kd2 Bc4
51.Nc1 Ke4 52.Ne2 Kf3 53.Nd4+ Kg4 54.Ke1 Kxh4 55.Kf2 Kg4 56.Nf3 Bd5 57.Nh2+ Kf5
58.a5 Kg5 59.a6 Kf5 60.a7 Ke6 61.Nf3 Kd6 62.Nh4 Kc7 63.Ng6 f3 64.Nh4 Kb7
65.Nxf3 Kxa7 66.Ne5 Kb6 67.Kg3 Kc5 68.Kh4 Kd6 69.Kxh5  1/2-1/2

[Event "Open"]
[Site "Pamplona ESP"]
[Date "2008.12.27"]
[Round "7"]
[White "Reinaldo Castineira,R"]
[Black "Recuero Guerra,D"]
[Result "1-0"]
[WhiteElo "2516"]
[BlackElo "2425"]

1.d4 Nf6 2.Bg5 e6 3.e4 h6 4.Bxf6 Qxf6 5.Nc3 Bb4 6.Qd2 d6 7.a3 Ba5 8.Nf3 Nd7
9.Bd3 e5 10.b4 Bb6 11.Nd5 Qe6 12.O-O c6 13.Nxb6 axb6 14.d5 cxd5 15.exd5 Qxd5
16.Rfd1 Qc6 17.Bf5 Ke7 18.Qe2 Kf6 19.Rd3 Re8 20.Rad1 Ke7 21.Qd2 Nf6 22.Rxd6 Qc7
23.Bxc8 Raxc8 24.Nxe5 Kf8 25.Nd7+ Nxd7 26.Rxd7 Qxc2 27.Qd5 Qg6 28.Rxb7 Qe6
29.g3 Qxd5 30.Rxd5 Rc6 31.Rf5 f6 32.Rd5 Re1+ 33.Kg2 Ra1 34.Rdd7 Rxa3 35.Rf7+ Kg8
36.Rxg7+ Kh8 37.Rgf7  1-0

[Event "Christmas Master Open"]
[Site "Zurich SUI"]
[Date "2008.12.27"]
[Round "2"]
[White "Peredy,F"]
[Black "Tremp,V"]
[Result "1-0"]
[WhiteElo "2252"]
[BlackElo "2015"]

1.d4 Nf6 2.Bg5 e6 3.e4 h6 4.Bxf6 Qxf6 5.Nc3 Bb4 6.Qd2 b6 7.a3 Bxc3 8.Qxc3 O-O
9.Nf3 c5 10.e5 Qe7 11.dxc5 Qxc5 12.Qxc5 bxc5 13.O-O-O f6 14.Rd2 fxe5 15.Nxe5 d5
16.g3 Nd7 17.Nxd7 Bxd7 18.Bh3 g5 19.Bg4 Rf6 20.h4 Kg7 21.hxg5 hxg5 22.Rh5 Rg6
23.Re2 Rh8 24.Rxh8 Kxh8 25.Kd2 Kg7 26.c4 Rf6 27.Ke1 d4 28.Re5 Ba4 29.Rxg5+  1-0

[Event "17th Donau Open"]
[Site "Aschach AUT"]
[Date "2008.12.28"]
[Round "4"]
[White "Hebesberger,T"]
[Black "Obermayr,H"]
[Result "1-0"]
[WhiteElo "2354"]
[BlackElo "2176"]

1.d4 Nf6 2.Bg5 e6 3.e4 h6 4.Bxf6 Qxf6 5.c3 d5 6.Nd2 b6 7.Bd3 Bb7 8.e5 Qd8
9.Ne2 Qd7 10.f4 Ba6 11.Nf3 Bxd3 12.Qxd3 Nc6 13.O-O Ne7 14.a4 a5 15.g4 h5
16.h3 hxg4 17.hxg4 Ng8 18.f5 exf5 19.Qxf5 Qxf5 20.gxf5 Nh6 21.Ng3 Be7 22.Rae1 O-O-O
23.Kg2 Kb7 24.Rh1 Rc8 25.Rh3 f6 26.Nh4 c5 27.Ng6 Rhe8 28.Rf1 Bd8 29.Nh5 cxd4
30.cxd4 Rc2+ 31.Kh1 Ng4 32.Nxg7 Rg8 33.Rh7 Ka6 34.e6 Rc7 35.e7 Bxe7 36.Ne6 Rc2
37.Nxe7 Re8 38.Nxd5 Rg8 39.Ndc7+ Kb7 40.Nd5+ Kb8 41.Ne7  1-0

[Event "Czech Christmas"]
[Site "Litomysl CZE"]
[Date "2008.12.28"]
[Round "4"]
[White "Novotny,M1"]
[Black "Kanovsky,D"]
[Result "0-1"]
[WhiteElo "2272"]
[BlackElo "2431"]

1.d4 Nf6 2.Bg5 e6 3.e4 h6 4.Bxf6 Qxf6 5.Nf3 d6 6.Bd3 e5 7.d5 g6 8.Nbd2 Bg7
9.Qe2 O-O 10.O-O-O c6 11.dxc6 bxc6 12.Nb3 a5 13.a4 Nd7 14.Qe3 d5 15.c3 Rb8
16.Bc2 dxe4 17.Nfd2 Qe7 18.Nxe4 Nf6 19.Qc5 Qe6 20.Ned2 Nd7 21.Qxa5 c5 22.Rhe1 Bb7
23.Nxc5 Nxc5 24.Qxc5 Rfc8 25.Qa3 Bf8 26.b4 Bxg2 27.f3 Qc6 28.Qb3 Qxc3 29.Qxc3 Rxc3
30.Ne4 Rc4 31.b5 Rbc8 32.Rd2 Bxf3 33.Kb2 Bb4 34.Bb3 Rxe4 35.Rxe4 Bxd2  0-1

[Event "17th Donau Open"]
[Site "Aschach AUT"]
[Date "2008.12.29"]
[Round "5"]
[White "Sadilek,P"]
[Black "Sakelsek,T"]
[Result "1/2-1/2"]
[WhiteElo "2183"]
[BlackElo "2403"]

1.d4 Nf6 2.Bg5 e6 3.e4 h6 4.Bxf6 Qxf6 5.Nf3 b6 6.Nc3 Bb4 7.Qd2 Bb7 8.e5 Qe7
9.a3 Bxc3 10.Qxc3 d6 11.Bb5+ c6 12.exd6 Qxd6 13.Be2 Nd7 14.O-O-O O-O-O 15.Kb1 Kb8
16.Ne5 Nxe5 17.dxe5 Qe7 18.Bf3 c5 19.Bxb7 Qxb7 20.Qg3 g6 21.Qf4 h5 22.Qf6 Kc8
23.Rd6 Rxd6 24.exd6 Re8 25.Rd1 Qd7 26.Qe5 Rd8 27.Qf6  1/2-1/2

[Event "Open A"]
[Site "Gjovik NOR"]
[Date "2008.12.29"]
[Round "1"]
[White "Demac,E"]
[Black "Makka,I"]
[Result "1/2-1/2"]
[WhiteElo "1993"]
[BlackElo "2220"]

1.d4 Nf6 2.Bg5 e6 3.e4 h6 4.Bxf6 Qxf6 5.Nf3 d5 6.e5 Qd8 7.Nbd2 Be7 8.Bd3 b6
9.c3 a5 10.Qe2 Ba6 11.Bxa6 Rxa6 12.O-O O-O 13.Rac1 Ra7 14.c4 Nc6 15.a3 a4
16.cxd5 Qxd5 17.Qc4 Qxc4 18.Nxc4 Nb8 19.Rfd1 Rd8 20.Kf1 b5 21.Ncd2 c6 22.Ne4 Rad7
23.Ke2 Rb7 24.Nc5 Bxc5 25.Rxc5 Rbd7 26.Ke3 Kf8 27.Ne1 Ke7 28.Nc2 Rd5 29.Rxd5 cxd5
30.Rb1 Rc8 31.Kd3 Nc6 32.b3 axb3 33.Rxb3 Rb8 34.Nb4 Na5 35.Rc3 Kd7 36.Na6 Ra8
37.Nc7 Rb8 38.Na6 Ra8 39.Nc7 Rb8 40.Na6 Ra8  1/2-1/2

[Event "Open A"]
[Site "Gjovik NOR"]
[Date "2008.12.30"]
[Round "2"]
[White "Svensen,T"]
[Black "Carlsen,E"]
[Result "1-0"]
[WhiteElo "2128"]
[BlackElo "1888"]

1.d4 Nf6 2.Bg5 e6 3.e4 h6 4.Bxf6 Qxf6 5.Nc3 d6 6.Qd2 g5 7.O-O-O Bg7 8.g3 g4
9.Bg2 h5 10.Kb1 Nc6 11.Nb5 Qe7 12.c3 a6 13.Na3 Rb8 14.f4 gxf3 15.Nxf3 b5
16.Nc2 a5 17.Ne3 b4 18.c4 Ba6 19.Rhe1 Bh6 20.Qd3 a4 21.Nf5 Qf6 22.Nxh6 Qxh6
23.Rc1 b3 24.a3 Na5 25.Nd2 Rd8 26.Qc3 Nb7 27.e5 c5 28.Bc6+ Kf8 29.d5 Qg6+
30.Ka1 Rh6 31.dxe6 Qxe6 32.Bd5 Qe7 33.Rf1 Rh7 34.e6 Rc8 35.Rxf7+  1-0

[Event "Open A"]
[Site "Gjovik NOR"]
[Date "2008.12.31"]
[Round "3"]
[White "Urkedal,F"]
[Black "Strand,H"]
[Result "1-0"]
[WhiteElo "2316"]
[BlackElo "2047"]

1.d4 Nf6 2.Bg5 e6 3.Nf3 d5 4.e3 Be7 5.c4 O-O 6.Nc3 b6 7.Rc1 Bb7 8.Bxf6 Bxf6
9.cxd5 exd5 10.Qb3 Re8 11.Be2 c6 12.O-O Nd7 13.Rfd1 Qe7 14.Nxd5 cxd5 15.Rc7 Rab8
16.Qa4 Nc5 17.Rxe7 Nxa4 18.Rxe8+ Rxe8 19.Bb5 Nxb2 20.Rb1 Rc8 21.Rxb2 Rc1+
22.Bf1 Be7 23.Nd2 Ba6 24.g3 Bc4 25.a4 Ba3 26.Nxc4 dxc4 27.Ra2 Bb4 28.Kg2 Kf8
29.Be2 Ke7 30.g4 h6 31.Kf3 Kf6 32.Ke4 a5 33.h4 Ke6 34.f4 Be1 35.h5 Bb4 36.g5 hxg5
37.fxg5 f5+ 38.gxf6 gxf6 39.Bg4+ Kd6 40.Rh2 Rg1 41.Bf5 Rg8 42.h6 Re8+ 43.Kf3 Ke7
44.h7 Rh8 45.Rg2 Kf8 46.Ke4 Ba3 47.Kd5 c3 48.Ke6 Bc1 49.d5  1-0

[Event "Masters"]
[Site "Hastings ENG"]
[Date "2008.12.31"]
[Round "4"]
[White "Bergez,L"]
[Black "Flear,C"]
[Result "1-0"]
[WhiteElo "2356"]
[BlackElo "2092"]

1.d4 Nf6 2.Bg5 e6 3.e4 h6 4.Bxf6 Qxf6 5.Nc3 a6 6.Qd2 d6 7.f4 Qd8 8.Nf3 d5
9.O-O-O Be7 10.Bd3 c6 11.g4 b5 12.Kb1 Nd7 13.f5 Nb6 14.Ne5 b4 15.Ne2 Qc7
16.Nf4 Bg5 17.fxe6 Bxe6 18.Nxe6 fxe6 19.Qxb4 Rb8 20.exd5 cxd5 21.Bxa6 Kd8
22.Rd3 Bf4 23.Rc3 Ke8  1-0

[Event "XX Open"]
[Site "Roquetas de Mar ESP"]
[Date "2009.01.03"]
[Round "2"]
[White "Avila Jimenez,J"]
[Black "Campora,D"]
[Result "1-0"]
[WhiteElo "2221"]
[BlackElo "2522"]

1.d4 Nf6 2.Bg5 e6 3.e4 h6 4.Bxf6 Qxf6 5.Nc3 Bb4 6.Qd3 Nc6 7.Ne2 d6 8.f4 Bd7
9.g3 e5 10.dxe5 dxe5 11.O-O-O O-O-O 12.Nd5 Qe6 13.f5 Qe8 14.Nec3 Ba5 15.Qc4 Kb8
16.b4 Bb6 17.a4 Rc8 18.a5 Bd4 19.Nb5 a6 20.Nxd4 Nxd4 21.c3 c5 22.Nb6 Bb5
23.Qd5 Rc7 24.cxd4 cxd4+ 25.Kb2 Bc6 26.Qd6 Bxe4 27.Rc1 Qd8 28.Qxc7+ Qxc7
29.Rxc7 Kxc7 30.Rg1 Bxf5 31.Bc4 f6 32.Bd5 Rd8 33.Rc1+ Kb8 34.Re1 e4 35.g4 Bxg4
36.Rxe4 Bf3 37.Rxd4 g5 38.Kc3 Bxd5 39.Rxd5 Re8 40.Nd7+ Kc7 41.Nxf6 Re2 42.Rd2 Re6
43.Rf2 Re3+ 44.Kd4 Rh3 45.Ne4 Kc6 46.Rf6+ Kc7 47.Rf7+ Kc6 48.Rf6+ Kc7 49.Kc5 Rxh2
50.Rf7+ Kd8 51.Kd6 Ke8 52.Rxb7 g4 53.Nf6+  1-0

[Event "14th Open"]
[Site "Bosnjaci CRO"]
[Date "2009.01.06"]
[Round "6"]
[White "Topic,Boz"]
[Black "Ivekovic,T"]
[Result "1/2-1/2"]
[WhiteElo "2014"]
[BlackElo "1766"]

1.d4 Nf6 2.Bg5 e6 3.e3 Be7 4.Bd3 d5 5.Nd2 h6 6.Bh4 Nbd7 7.f4 c5 8.c3 b6 9.Rc1 Bb7
10.Qe2 Ne4 11.Bxe7 Qxe7 12.Ngf3 f5 13.O-O O-O 14.a3 Bc6 15.Bb5 Bxb5 16.Qxb5 g5
17.Nxe4 fxe4 18.Ne5 Nxe5 19.fxe5 c4 20.Qc6 Rac8 21.Rxf8+ Rxf8 22.Rf1 Rxf1+
23.Kxf1 Qf7+ 24.Kg1 Kg7 25.Qc8 h5 26.Qd8 g4 27.Qg5+ Qg6 28.Qxg6+ Kxg6 29.Kf2 h4
30.a4 a5 31.Ke2 Kf7 32.Kd2 Ke7 33.Kc2 Kd7 34.b3 Kc6 35.Kb2 Kd7 36.Ka2 Kc6
37.Ka3 Kd7 38.b4 Kc6  1/2-1/2

[Event "Australian Open"]
[Site "Manly Sydney AUS"]
[Date "2009.01.07"]
[Round "7"]
[White "Wan,D"]
[Black "Myers,S"]
[Result "0-1"]
[WhiteElo "1930"]
[BlackElo "1807"]

1.d4 Nf6 2.Bg5 e6 3.Nf3 Be7 4.Bxf6 Bxf6 5.e3 d5 6.Bd3 Nd7 7.c3 c5 8.O-O O-O
9.Nbd2 b6 10.Ne5 Nxe5 11.dxe5 Bxe5 12.Bxh7+ Kxh7 13.Qh5+ Kg8 14.Qxe5 f6 15.Qg3 e5
16.e4 dxe4 17.Nxe4 Bb7 18.Rad1 Qe7 19.Nd6 Bc6 20.Nf5 Qc7 21.Rd2 Rfd8 22.Rfd1 Rxd2
23.Rxd2 Be4 24.Nd6 Bb1 25.Qf3 Rd8 26.Qd5+ Kf8 27.a3 Bg6 28.h3 Ke7 29.Re2 Qxd6
30.Qf3 e4 31.Qe3 Qd3 32.f3 Qxe3+ 33.Rxe3 Rd3 34.Re2 e3 35.g4 c4 36.f4 Rd1+
37.Kg2 Rd2 38.Kf1 Bd3  0-1

[Event "Paul Keres Mem Prelim"]
[Site "Tallinn EST"]
[Date "2009.01.09"]
[Round "3"]
[White "Yemelin,V"]
[Black "Sepp,O"]
[Result "1-0"]
[WhiteElo "2578"]
[BlackElo "2457"]

1.d4 Nf6 2.Bg5 e6 3.Nd2 Be7 4.c3 d6 5.e4 Nbd7 6.Ngf3 h6 7.Bf4 b6 8.e5 Nh5
9.Be3 Bb7 10.g4 dxe5 11.gxh5 exd4 12.cxd4 Nf6 13.Rg1 Kf8 14.Ne5 Nd5 15.Qg4 Bf6
16.Ne4 Nxe3 17.fxe3 Bh4+ 18.Kd1 Rg8 19.Bb5 Bg5 20.Nxg5 hxg5 21.Rf1 f5 22.Rxf5+ exf5
23.Qxf5+  1-0

[Event "Paul Keres Mem Prelim"]
[Site "Tallinn EST"]
[Date "2009.01.09"]
[Round "3"]
[White "Tuul,T"]
[Black "Smirnov,Arte"]
[Result "0-1"]
[WhiteElo "2035"]
[BlackElo "2449"]

1.d4 Nf6 2.Bg5 e6 3.e3 h6 4.Bh4 d6 5.c4 b6 6.Nc3 Bb7 7.f3 Nbd7 8.e4 Be7 9.Bf2 O-O
10.Bd3 c5 11.d5 exd5 12.cxd5 a6 13.a4 Ne5 14.Bc2 b5 15.axb5 axb5 16.Nge2 Rxa1
17.Qxa1 b4 18.Nd1 b3 19.Bxb3 Nd3+ 20.Kf1 Qb6 21.Bc4 Ra8 22.Qb1 Ne5 23.Ne3 Nxc4
24.Nxc4 Qb3 25.Nd2 Qb4 26.Be3 Bxd5 27.Kf2 Bb7 28.Rc1 d5 29.exd5 Nxd5 30.Rc4 Qa5
31.Qd3 Nxe3 32.Qxe3 Bg5 33.f4 Bh4+ 34.g3 Bf6 35.Ne4 Bxe4 36.Rxe4 Qb5 37.b3 g6
38.Kg2 Kg7 39.g4 Ra2 40.Kh3 Qd7 41.Ng3 Qd1 42.g5 Bd4 43.gxh6+ Kxh6 44.Rxd4 Qxd4
45.Qe7 Qxf4 46.Qf8+ Kh7 47.Qe8 Qf6 48.Qf8 Qe6+  0-1

[Event "TCh-BEL 2008-9"]
[Site "Belgium BEL"]
[Date "2009.01.18"]
[Round "7"]
[White "Vandenbussche,T"]
[Black "Willemze,T"]
[Result "1/2-1/2"]
[WhiteElo "2285"]
[BlackElo "2417"]

1.d4 Nf6 2.Bg5 e6 3.e4 Be7 4.Nd2 h6 5.Bxf6 Bxf6 6.Ngf3 b6 7.Bd3 Bb7 8.Qe2 d6
9.O-O-O e5 10.dxe5 Bxe5 11.Bb5+ c6 12.Nxe5 dxe5 13.Nc4 Qg5+ 14.Qd2 cxb5 15.Nd6+ Ke7
16.Nxb7 a6 17.Nd6 g6 18.g3 Qxd2+ 19.Rxd2 Nc6 20.f4 f6 21.h4 h5 22.f5 Rad8
23.Rhd1 g5 24.hxg5 fxg5 25.c3 h4 26.gxh4 gxh4 27.f6+ Kxf6 28.Rf1+ Ke6 29.Nf5 Rxd2
30.Kxd2 Ne7 31.Ng7+ Kd7 32.Ke3 h3 33.Rd1+ Kc6 34.Rh1 Ng6 35.Ne6 Rh6 36.Ng5 Nf4
37.Kf3 Kc5 38.Kg4 Kc4 39.Nf7 Rh5  1/2-1/2

[Event "Queenstown Classic"]
[Site "Queenstown NZL"]
[Date "2009.01.20"]
[Round "6"]
[White "Chow,S"]
[Black "Hecht,HJ"]
[Result "1/2-1/2"]
[WhiteElo "2267"]
[BlackElo "2394"]

1.d4 Nf6 2.Bg5 e6 3.e4 h6 4.Bxf6 Qxf6 5.c3 d6 6.Bd3 e5 7.Ne2 g6 8.O-O Bg7
9.f4 Qe7 10.Nd2 O-O 11.h3 exd4 12.cxd4 c5 13.dxc5 Nc6 14.Nc4 dxc5 15.e5 Be6
16.Nd6 Rad8 17.Qc1 Rxd6 18.exd6 Qxd6 19.Rd1 Nd4 20.Nc3 c4 21.Bf1 Qc5 22.Kh1 b5
23.Qe3 Qb6 24.Rac1 Rc8 25.Rd2 b4 26.Na4 Qc6 27.Rxd4 Bxd4 28.Qxd4 Qxa4 29.Bxc4 Bxc4
30.Rxc4 Rxc4 31.Qxc4  1/2-1/2

[Event "Queenstown Classic"]
[Site "Queenstown NZL"]
[Date "2009.01.22"]
[Round "8"]
[White "Chow,S"]
[Black "Croad,N"]
[Result "1-0"]
[WhiteElo "2267"]
[BlackElo "2305"]

1.d4 Nf6 2.Bg5 e6 3.e4 h6 4.Bxf6 Qxf6 5.c3 d5 6.e5 Qd8 7.Bd3 c5 8.dxc5 Bxc5
9.Nf3 Nc6 10.O-O Bd7 11.Nbd2 O-O 12.Qe2 Bb6 13.Rad1 f6 14.exf6 Qxf6 15.Bb1 e5
16.c4 e4 17.Ne1 Rae8 18.Nxe4 dxe4 19.c5 Bxc5 20.Rxd7 e3 21.f4 Qe6 22.Rxb7 Nd4
23.Qd3 Nf5 24.Kh1 Rd8 25.Qc3 Bd4 26.Qb4 Nh4 27.Bd3 Kh8 28.Be2 Bb6 29.Qc3 Qf6
30.g3 Qxc3 31.bxc3 Rd2 32.Bb5 Nf5 33.Nf3 Nd6 34.Rd7 Nxb5 35.Nxd2 exd2 36.Rxd2 Nxc3
37.Re1 Nb5 38.Rd7 Nd4 39.a4 Nb3 40.Ree7 Nc5 41.Rd4 Nb3 42.Rc4 Rd8 43.Kg2 Rd2+
44.Kh3 Bg1 45.Kg4 Kh7 46.f5 Rd4+ 47.Rxd4 Bxd4 48.f6 Bxf6 49.Rxa7 Kg6 50.a5 h5+
51.Kh3 Nxa5 52.Rxa5 Kh6 53.Kg2 g6 54.Kf3 Bc3 55.Rb5 Kg7 56.Rb6 Kf7 57.Rc6 Bb2
58.Kf4 Bd4 59.Ke4 Bb2 60.Kd5 Ba1 61.h3 Bb2 62.Rc2 Ba1 63.Ke4 Ke6 64.Kf4 Be5+
65.Kg5 Bxg3 66.h4 Kf7 67.Rc6 Be1 68.Rf6+ Kg7 69.Rxg6+ Kf7 70.Ra6  1-0